Normal view MARC view

Entry Personal Name

Number of records used in: 1

001 - CONTROL NUMBER

  • control field: 2645

003 - CONTROL NUMBER IDENTIFIER

  • control field: TZ-ArACH

005 - DATE AND TIME OF LATEST TRANSACTION

  • control field: 20111007141623.0

008 - FIXED-LENGTH DATA ELEMENTS

  • fixed length control field: 111007|||a|||||| | ||| d

040 ## - CATALOGING SOURCE

  • Original cataloging agency: TZ-ArACH
  • Transcribing agency: TZ-ArACH

100 ## - HEADING--PERSONAL NAME

  • Personal name: Goy, Raymond.

670 ## - SOURCE DATA FOUND

  • Source citation: Work cat.: (TZ-ArACH)694: Goy, Raymond., La Cour internationale de justice et les droits de l'homme /, 2002.

670 ## - SOURCE DATA FOUND

  • Source citation: Work cat.: (TZ-ArACH)694: Goy, Raymond., La Cour internationale de justice et les droits de l'homme /, 2002.

African Court on Human and Peoples' Rights | For Inquiries Contact » +255 272 510 510